[Event "Las Palmas"]
[Site "Las Palmas"]
[Date "1991.??.??"]
[Round "1"]
[White "Morovic Fernandez, Ivan"]
[Black "Romero Holmes, Alfonso"]
[Result "1-0"]
[WhiteElo "2535"]
[BlackElo "2460"]

1.e4 c5 2.g3 Nc6 3.Bg2 g6 4.d3 Bg7 5.f4 d6 6.Nf3 e6 7.O-O Nge7 8.Nc3 O-O
9.Be3 Nd4 10.Bf2 b6 11.Nxd4 cxd4 12.Ne2 e5 13.c3 dxc3 14.Nxc3 Bb7 15.d4 exf4
16.gxf4 f5 17.e5 Bxg2 18.Kxg2 Qd7 19.Bh4 h6 20.Bxe7 Qxe7 21.Nd5 Qf7 22.Qb3 Kh8
23.Rfe1 Rac8 24.e6 Qb7 25.Rac1 Bxd4 26.e7 Rfe8 27.Rxc8 Qxc8 28.Qa4  1-0

[Event "Las Palmas"]
[Site "Las Palmas"]
[Date "1991.??.??"]
[Round "1"]
[White "Garcia Padron, J."]
[Black "Santo Roman, Marc"]
[Result "1-0"]
[WhiteElo "2445"]
[BlackElo "2500"]

1.d4 f5 2.Nc3 Nf6 3.Bg5 d5 4.Bxf6 exf6 5.e3 Be6 6.Bd3 Nc6 7.Qf3 Qd7 8.Nge2 Nb4
9.Nf4 Bf7 10.Rc1 Nxd3+ 11.cxd3 O-O-O 12.Qd1 Kb8 13.O-O h5 14.Na4 h4 15.Nc5 Bxc5
16.dxc5 d4 17.c6 bxc6 18.Qa4 dxe3 19.fxe3 g5 20.Rc5 Rhe8 21.Ne2 Rxe3 22.Nc3 f4
23.Rxc6 Re6 24.Qb4+ Ka8 25.Rxe6 Qxe6 26.Nb5 Qb6+ 27.d4 Rd7 28.Rc1 Kb7 29.Rc5 Bxa2
30.Qa4 Be6 31.Nxa7 Bb3 32.Qxd7 Kxa7 33.Rxc7+ Ka6 34.Rc6 Qxc6 35.Qxc6+ Ka5
36.Qc7+ Ka4 37.Qc6+ Ka5 38.Qc5+ Ka4 39.Qc3 Bd5 40.Qc5 Be4 41.Qa7+ Kb4 42.Qc5+ Ka4  1-0

[Event "Las Palmas"]
[Site "Las Palmas"]
[Date "1991.??.??"]
[Round "2"]
[White "Santo Roman, Marc"]
[Black "Franco Ocampo, Zenon"]
[Result "0-1"]
[WhiteElo "2500"]
[BlackElo "2495"]

1.e4 c5 2.Nf3 Nc6 3.d4 cxd4 4.Nxd4 a6 5.c4 e5 6.Nf5 d5 7.cxd5 Bxf5 8.exf5 Nd4
9.Nc3 Ne7 10.Bd3 Nexf5 11.O-O Bd6 12.f4 exf4 13.Bxf4 Qb6 14.Bxd6 Nb5+ 15.Kh1 Nfxd6
16.Na4 Qd8 17.Qh5 Rc8 18.Rf4 Rc7 19.Raf1 h6 20.Nc5 Qg5 21.Ne6 Qxh5 22.Nxg7+ Kd8
23.Nxh5 Re8 24.a4 Re3 25.Bb1 Na7 26.Rf6 Nac8 27.Rxh6 Rc4 28.b3 Rd4 29.Kg1 Rxb3
30.Rh8+ Kc7 31.Nf6 Rb2 32.h4 Ne7 33.h5 Rdd2 34.Rc1+ Kb6 35.Be4 Nxe4 36.Nxe4 Rxg2+
37.Kf1 Nf5 38.Rc3  0-1

[Event "Las Palmas"]
[Site "Las Palmas"]
[Date "1991.??.??"]
[Round "2"]
[White "Romero Holmes, Alfonso"]
[Black "Garcia Padron, J."]
[Result "1-0"]
[WhiteElo "2460"]
[BlackElo "2445"]

1.e4 e5 2.Nf3 Nf6 3.Nxe5 d6 4.Nf3 Nxe4 5.Bd3 d5 6.Qe2 Qe7 7.O-O Nc5 8.Re1 Qxe2
9.Bxe2 Ne6 10.d4 c6 11.c4 Bb4 12.Nc3 O-O 13.a3 Bxc3 14.bxc3 b6 15.Ne5 Rd8
16.a4 f6 17.Ng4 Kf7 18.a5 Na6 19.Ne3 Nac7 20.Rb1 Rb8 21.axb6 axb6 22.c5 g6
23.Rxb6 Rxb6 24.cxb6 Na8 25.Ba3 Nxb6 26.Rb1 Nd7 27.g3 Re8 28.Nf5 Kg8 29.Nd6 Rd8
30.Nxc8 Rxc8 31.Bd6 Nd8 32.c4 Nf7 33.Bf4 g5 34.Be3 Nd6 35.cxd5 cxd5 36.Bf3 Ne4
37.Rb5 Nc3 38.Rb7 Nf8 39.Kg2 Rd8 40.Bg4 Ne4 41.Rb5 Kg7 42.f3 Nc3 43.Rb3 Na4
44.f4 h6 45.h4 gxh4 46.gxh4 Re8 47.Bd2 f5 48.Bd1 Ra8 49.Bc2 Ra6 50.Ra3 Re6
51.Kf3 Nb2 52.Bxf5 Rf6 53.Ra7+ Kg8 54.Bg4 Nc4 55.Bc1 Rb6 56.f5 Nh7 57.Bh5 Rf6
58.Ra8+ Nf8 59.Bg4 Nd6 60.Ba3 Nxf5 61.Bxf5  1-0

[Event "Las Palmas"]
[Site "Las Palmas"]
[Date "1991.??.??"]
[Round "2"]
[White "Topalov, Veselin"]
[Black "Gomez Esteban, Juan Mario"]
[Result "1-0"]
[WhiteElo "2455"]
[BlackElo "2400"]

1.d4 Nf6 2.c4 e6 3.Nf3 d5 4.Nc3 Be7 5.Bg5 h6 6.Bh4 O-O 7.e3 b6 8.Rc1 Bb7
9.Bxf6 Bxf6 10.cxd5 exd5 11.Bd3 c5 12.O-O Re8 13.Bb5 Re7 14.dxc5 bxc5 15.Na4 Na6
16.Nxc5 Nxc5 17.Rxc5 Bxb2 18.Qc2 Bf6 19.Nd4 Qb6 20.Nf5 Re4 21.Rb1 a6 22.Ng3 Rc4
23.Rxc4 dxc4 24.Bxc4 Qc6 25.Bxf7+ Kf8 26.Qxc6 Bxc6 27.Bc4 a5 28.f3 Rc8 29.Ba6 Rd8
30.Nf1 Bd5 31.a4 Bc6 32.Bb5 Rb8 33.Nd2 Bxb5 34.axb5 a4 35.Nc4 Ke7 36.Rb4 Ke6
37.b6 Kd5 38.Rxa4 Kc5 39.Nd2 Rxb6 40.Ne4+ Kb5 41.Ra2 Be7 42.Rc2 g6 43.Kf2 Ra6
44.f4 h5 45.Rc7 Bd8 46.Nc3+ Ka5 47.Rd7 Bb6 48.Kf3 Bc5 49.Rb7 Rc6 50.Ne4  1-0

[Event "Las Palmas"]
[Site "Las Palmas"]
[Date "1991.??.??"]
[Round "3"]
[White "Gomez Esteban, Juan Mario"]
[Black "Santo Roman, Marc"]
[Result "1-0"]
[WhiteElo "2400"]
[BlackElo "2500"]

1.d4 f5 2.g3 Nf6 3.Bg2 g6 4.Nh3 Bg7 5.O-O O-O 6.c4 d6 7.d5 Na6 8.Nc3 Nc5
9.Nf4 e5 10.dxe6 c6 11.Qc2 Qe7 12.b3 Bxe6 13.Nxe6 Qxe6 14.Bb2 Rfe8 15.Rad1 Rad8
16.e3 Nfe4 17.Nxe4 Nxe4 18.Bxg7 Kxg7 19.Rd4 Ng5 20.Rfd1 Qf6 21.b4 Re7 22.a4 Qe5
23.b5 Qc5 24.Qb2 Kg8 25.a5 Ne4 26.a6 bxa6 27.bxc6 Qxc6 28.h4 Qb6 29.Qa1 Kf7
30.h5 Nf6 31.h6 g5 32.Rd5 Nxd5 33.Qg7+ Ke8 34.Qg8+ Kd7 35.Qxd5 Kc7 36.c5 Qb4
37.Qc6+ Kb8 38.Qa8+ Kc7 39.Qxa7+ Kc8 40.Qa8+ Kd7 41.Rxd6+  1-0

[Event "Las Palmas"]
[Site "Las Palmas"]
[Date "1991.??.??"]
[Round "3"]
[White "Franco Ocampo, Zenon"]
[Black "Romero Holmes, Alfonso"]
[Result "1/2-1/2"]
[WhiteElo "2495"]
[BlackElo "2460"]

1.Nf3 d6 2.e4 Nf6 3.d3 g6 4.g3 Bg7 5.Bg2 O-O 6.O-O e5 7.c3 Nc6 8.Re1 h6 9.Nbd2 Nh7
10.Nc4 Be6 11.Ne3 f5 12.exf5 gxf5 13.d4 f4 14.d5 fxe3 15.Bxe3 Bd7 16.dxc6 Bxc6
17.Qb3+ Rf7 18.Nh4 Bxg2 19.Kxg2 c6 20.Nf5 Qf6 21.Nxg7 Qf3+ 22.Kg1 Kxg7 23.h4  1/2-1/2

[Event "Las Palmas"]
[Site "Las Palmas"]
[Date "1991.??.??"]
[Round "4"]
[White "Topalov, Veselin"]
[Black "Santo Roman, Marc"]
[Result "1-0"]
[WhiteElo "2455"]
[BlackElo "2500"]

1.d4 d5 2.c4 dxc4 3.e3 Nf6 4.Bxc4 e6 5.Nf3 a6 6.Qe2 c5 7.dxc5 Bxc5 8.O-O Nc6
9.e4 Qc7 10.e5 Nd7 11.Bf4 Nd4 12.Nxd4 Bxd4 13.Rc1 O-O 14.Bd3 Qb6 15.Nd2 Nc5
16.Nc4 Qa7 17.Bc2 f6 18.exf6 Rxf6 19.Be3 Bxe3 20.Qxe3 b6 21.b4 Nd7 22.Nd6 Bb7
23.Nxb7 Qxb7  1-0

[Event "Las Palmas"]
[Site "Las Palmas"]
[Date "1991.??.??"]
[Round "4"]
[White "Romero Holmes, Alfonso"]
[Black "Gomez Esteban, Juan Mario"]
[Result "0-1"]
[WhiteElo "2460"]
[BlackElo "2400"]

1.e4 e5 2.Nf3 Nc6 3.Bb5 a6 4.Bxc6 dxc6 5.O-O Qd6 6.c3 Bg4 7.h3 Bh5 8.d4 exd4
9.cxd4 O-O-O 10.Nc3 Ne7 11.Qd3 Bg6 12.Bg5 f6 13.Bh4 Nd5 14.Bg3 Qb4 15.Qc2 Bd6
16.Bxd6 Qxd6 17.Rfe1 Nf4 18.Re3 Kb8 19.Rd1 Rhe8 20.Nh4 Bf7 21.e5 Qe6 22.Rde1 fxe5
23.Rxe5 Qf6 24.Rxe8 Bxe8 25.Qxh7 Qxd4 26.Nf3 Qf6 27.Qe4 Bh5 28.Ne5 g5 29.Kh2 Qd6
30.g3 Nd5 31.Qh7 Nxc3 32.Qxh5 Qd2 33.Rf1 Ne4 34.Qf3 Qd4 35.Kg2 Nd2 36.Qf6 Nxf1
37.Kxf1 Qd1+ 38.Kg2 Qd5+ 39.Kf1 Re8 40.f4 gxf4 41.gxf4 Qd1+ 42.Kf2 Qd2+ 43.Kf3 Qd1+
44.Ke4 Qe2+ 45.Kf5 Qc2+ 46.Kg5 Rg8+ 47.Kh6 Qg2 48.h4 Qd5 49.Ng6 Re8 50.f5 c5
51.h5 Ka7 52.a3 c4 53.Kg7 Qg8+ 54.Kh6 Qd5 55.Kg7 Rd8 56.Qxd8 Qxd8 57.f6 Qd4
58.h6 Qxb2 59.h7 c3 60.Ne7 Qg2+ 61.Ng6 c2 62.f7 c1=Q 63.f8=Q Qcc6 64.Qf7 Qb2+
65.Kg8 Qbf6 66.Qxf6 Qxf6 67.Nf8 Qg5+ 68.Kf7 Qd5+ 69.Kg7 Qd4+ 70.Kg8 Qc4+
71.Kg7 Qc3+ 72.Kg8 Qb3+  0-1

[Event "Las Palmas"]
[Site "Las Palmas"]
[Date "1991.??.??"]
[Round "5"]
[White "Gomez Esteban, Juan Mario"]
[Black "De la Villa Garcia, Jesus Maria"]
[Result "1/2-1/2"]
[WhiteElo "2400"]
[BlackElo "2475"]

1.d4 Nf6 2.c4 g6 3.Nc3 d5 4.cxd5 Nxd5 5.e4 Nxc3 6.bxc3 c5 7.Nf3 Bg7 8.Bb5+ Nc6
9.O-O cxd4 10.cxd4 O-O 11.Bxc6 bxc6 12.Ba3 Bg4 13.Bc5 Re8 14.Rc1 Bxf3 15.Qxf3 Bxd4
16.Rfd1 e5 17.Bxd4 exd4 18.Rxc6 Rc8 19.Rxc8 Qxc8 20.h4 Qc3 21.Qxc3 dxc3 22.f3 f5
23.Rc1 fxe4  1/2-1/2

[Event "Las Palmas"]
[Site "Las Palmas"]
[Date "1991.??.??"]
[Round "5"]
[White "Morovic Fernandez, Ivan"]
[Black "Topalov, Veselin"]
[Result "1/2-1/2"]
[WhiteElo "2535"]
[BlackElo "2455"]

1.e4 c5 2.g3 g6 3.Bg2 Bg7 4.d3 Nc6 5.f4 e6 6.Nc3 d6 7.Nf3 Nge7 8.O-O O-O
9.Be3 b6 10.d4 Ba6 11.Rf2 Na5 12.Bf1 Bxf1 13.Qxf1 Qc7 14.Rd1 a6 15.g4 cxd4
16.Nxd4 Nc4 17.Bc1 e5 18.Nde2 exf4 19.Nxf4 Bxc3 20.bxc3 Ne5 21.Qh3 Rac8 22.Qh4 Qd7
23.h3 f6 24.Qg3 Rc4 25.Nd3 Rxe4 26.Nxe5 Rxe5 27.Bh6 Rf7 28.Qf3 Nc6 29.Qd3 d5
30.c4 Re8 31.cxd5 Ne5 32.Qd4 Rc8 33.d6 Rc4 34.Qd5 Rc5 35.Qa8+ Rc8 36.Qd5 Rc5
37.Qa8+ Rc8 38.Qe4 Re8 39.Qd5 Qe6 40.Qxe6 Rxe6 41.Be3 Rb7 42.Rd5 Nd7 43.Rf3 Rb8
44.Bf2 Rc8 45.Rd2 Rc6 46.Bg3 Kf7 47.g5 f5 48.Rf4 Rc3 49.Rh4 Kg8 50.Kg2 Re8
51.Rf4 Rec8 52.Rff2 Re3 53.Rfe2 Rce8 54.Rxe3 Rxe3 55.Bf2 Re4 56.Bxb6 Nxb6
57.d7 Nxd7 58.Rxd7 Re2+ 59.Kf3 Rxc2 60.Rd8+ Kf7 61.Rd7+ Ke6  1/2-1/2

[Event "Las Palmas"]
[Site "Las Palmas"]
[Date "1991.??.??"]
[Round "5"]
[White "Santo Roman, Marc"]
[Black "Romero Holmes, Alfonso"]
[Result "1-0"]
[WhiteElo "2500"]
[BlackElo "2460"]

1.e4 e6 2.d4 d5 3.Nc3 Bb4 4.e5 c5 5.a3 Bxc3+ 6.bxc3 Qc7 7.Qg4 f5 8.Qg3 cxd4
9.cxd4 Ne7 10.Bd2 O-O 11.Bd3 b6 12.Ne2 Ba6 13.Bb4 Qd7 14.O-O Bxd3 15.cxd3 Nbc6
16.Bd6 Rfc8 17.a4 Qd8 18.Ra2 Na5 19.Rb1 Nec6 20.Qe3 Nb7 21.Ba3 Rc7 22.Nc3 Rf7
23.f4 Qd7 24.Nb5 Nca5 25.Rc2 a6 26.Nc3 Qd8 27.Rcb2 Rc8 28.Qd2 Rfc7 29.Na2 Qd7
30.Qd1 Nc6 31.Rxb6 Nxd4 32.Rxa6 Nc5 33.Ra5 h6 34.Nc1 Nb7 35.Ra7 Nc5 36.Bxc5 Rxa7
37.Bxd4 Rxa4 38.Ne2 Ra2 39.Ra1 Qa4 40.Qxa4  1-0

[Event "Las Palmas"]
[Site "Las Palmas"]
[Date "1991.??.??"]
[Round "6"]
[White "De la Villa Garcia, Jesus Maria"]
[Black "Santo Roman, Marc"]
[Result "1/2-1/2"]
[WhiteElo "2475"]
[BlackElo "2500"]

1.e4 Nf6 2.e5 Nd5 3.d4 d6 4.Bc4 Nb6 5.Bb3 dxe5 6.Qh5 e6 7.dxe5 c5 8.Na3 Nc6
9.Nf3 Nd4 10.Nxd4 Qxd4 11.O-O Bd7 12.c3 Qe4 13.Bc2 Qc6 14.c4 a6 15.Re1 Qc7
16.Bd2 Nc8 17.Bc3 Ne7 18.Rad1 g6 19.Qh4 h5 20.Nb1 Nf5 21.Qh3 O-O-O 22.Nd2 Bc6
23.Ne4 Rxd1 24.Rxd1 Bxe4 25.Bxe4 Bg7 26.Bxf5 gxf5 27.Qe3 Bh6 28.Qf3 h4 29.Qd3 Bg5
30.Qd6 Qxd6 31.Rxd6 Be7 32.Rd3 Kc7 33.a4 b6 34.f4 Rg8 35.Kf2 Rg4 36.Kf3 Rg8
37.Be1 Kc6 38.Bf2 Kc7 39.Rd1 Kc6 40.Be1 Rb8 41.Bc3 Rg8  1/2-1/2

[Event "Las Palmas"]
[Site "Las Palmas"]
[Date "1991.??.??"]
[Round "7"]
[White "Romero Holmes, Alfonso"]
[Black "De la Villa Garcia, Jesus Maria"]
[Result "1/2-1/2"]
[WhiteElo "2460"]
[BlackElo "2475"]

1.e4 c6 2.c4 d5 3.cxd5 cxd5 4.exd5 Nf6 5.Bb5+ Nbd7 6.Nc3 g6 7.d4 Bg7 8.d6 exd6
9.Qe2+ Qe7 10.Bf4 d5 11.O-O-O Qxe2 12.Ngxe2 O-O 13.Bd6 Re8 14.Nf4 a6 15.Ba4 b5
16.Bb3 Bb7 17.Nfxd5 Nxd5 18.Nxd5 Re2 19.Kb1 Rxf2 20.Rhf1 Bxd4 21.Rxf2 Bxf2
22.Nc7 Rc8 23.Rf1 Bc5 24.Rxf7 Be4+ 25.Kc1 Bxd6 26.Rxd7+ Kh8 27.Rxd6 Rxc7+
28.Kd2 a5 29.Bd5 Bf5 30.Bc6 b4 31.h3 h5 32.g4 hxg4 33.hxg4 Bb1 34.a3 bxa3
35.bxa3 Kg7  1/2-1/2

[Event "Las Palmas"]
[Site "Las Palmas"]
[Date "1991.??.??"]
[Round "8"]
[White "Morovic Fernandez, Ivan"]
[Black "Gomez Esteban, Juan Mario"]
[Result "1-0"]
[WhiteElo "2535"]
[BlackElo "2400"]

1.e4 e5 2.d4 exd4 3.Qxd4 Nc6 4.Qe3 Nf6 5.Nc3 Bb4 6.Bd2 O-O 7.O-O-O Re8 8.Bc4 Bxc3
9.Bxc3 Nxe4 10.Qf4 Re7 11.Bxf7+ Kh8 12.Bb3 Nxc3 13.bxc3 d6 14.Nf3 Be6 15.Rhe1 Rf7
16.Qe4 Bxb3 17.axb3 Qf6 18.Qd5 h6 19.Kb2 Raf8 20.Re6 Qf4 21.Re4 Qf5 22.Nh4 Qxd5
23.Ng6+ Kg8 24.Rxd5 Rd8 25.f4 Nb8 26.f5 Nd7 27.Re2 Nf6 28.Rd4 c5 29.Rf4 d5
30.g4 Re8 31.Rxe8+ Nxe8 32.Rf2 Rc7 33.Re2 Kf7 34.Nh8+ Kf8 35.Ng6+ Kf7 36.Re6 Nf6
37.Ne5+ Kf8 38.h4 Ne4 39.c4 Nf6 40.g5 hxg5 41.hxg5 Ne4 42.cxd5 Nxg5 43.d6 Rc8
44.Re7 Rd8 45.Ng6+ Kg8 46.d7 Nf7 47.Re8+ Kh7 48.Ne5  1-0

[Event "Las Palmas"]
[Site "Las Palmas"]
[Date "1991.??.??"]
[Round "8"]
[White "Topalov, Veselin"]
[Black "De la Villa Garcia, Jesus Maria"]
[Result "1-0"]
[WhiteElo "2455"]
[BlackElo "2475"]

1.d4 Nf6 2.Nf3 g6 3.Bg5 Bg7 4.Nbd2 d5 5.c3 Nbd7 6.b4 a5 7.b5 Ne4 8.Nxe4 dxe4
9.Nd2 h6 10.Bh4 g5 11.Bg3 f5 12.e3 e5 13.Bc4 Qe7 14.Qh5+ Kf8 15.O-O f4 16.f3 fxg3
17.fxe4+ Bf6 18.h4 Kg7 19.Rf5 Qe8 20.Qf3 gxh4 21.Rf1 Rf8 22.Bd5 c6 23.bxc6 bxc6
24.Bxc6 Ra6 25.d5 Qe7 26.Qg4+ Kh7 27.Nc4 Qg7 28.Qf3 Kg8 29.Nd6 Nc5 30.Nxc8 Rxc8  1-0

[Event "Las Palmas"]
[Site "Las Palmas"]
[Date "1991.??.??"]
[Round "8"]
[White "Garcia Padron, J."]
[Black "Franco Ocampo, Zenon"]
[Result "0-1"]
[WhiteElo "2445"]
[BlackElo "2495"]

1.d4 Nf6 2.Nf3 c5 3.d5 g6 4.Nc3 Bg7 5.e4 O-O 6.Be2 d6 7.O-O Na6 8.Bf4 Nc7
9.a4 a6 10.Nd2 Rb8 11.a5 Bd7 12.Na4 Na8 13.Nc3 Nc7 14.Na4 Bxa4 15.Rxa4 e6
16.dxe6 Nxe6 17.Bg3 Nd4 18.c3 Nxe2+ 19.Qxe2 Re8 20.Qd3 Re6 21.Raa1 Qe8 22.f3 Rd8
23.Bh4 d5 24.Bxf6 Rxf6 25.exd5 Rfd6 26.c4 Bxb2 27.Rab1 Qe5 28.Kh1 b5 29.Ne4 bxc4
30.Qc2 c3 31.Nxd6 Rxd6 32.Rbe1 Qxd5 33.f4 Qd3 34.Qa4 Re6 35.Rd1 Qb5 36.Qa2 c2
37.Rc1 Re2 38.Qd5  0-1

[Event "Las Palmas"]
[Site "Las Palmas"]
[Date "1991.??.??"]
[Round "9"]
[White "Gomez Esteban, Juan Mario"]
[Black "Garcia Padron, J."]
[Result "1-0"]
[WhiteElo "2400"]
[BlackElo "2445"]

1.d4 Nf6 2.c4 e6 3.Nf3 b6 4.g3 Bb7 5.Bg2 Bb4+ 6.Bd2 Bxd2+ 7.Qxd2 O-O 8.Nc3 Ne4
9.Qc2 Nxc3 10.Ng5 Ne4 11.Bxe4 Bxe4 12.Qxe4 Qxg5 13.Qxa8 Nc6 14.Qb7 Nxd4 15.Rd1 Qe5
16.e3 Nc2+ 17.Ke2 d5 18.Rd2 Qh5+ 19.f3 Qh3 20.Kf2 Qf5 21.cxd5 Nb4 22.e4 Qg5
23.f4 Qg6 24.Re1 exd5 25.a3 Nc6 26.exd5 Na5 27.Qxc7 Nb3 28.Rde2 Qh5 29.h4 Qxd5
30.Re8 Qd4+ 31.Kg2 Qd5+ 32.Kh2 Qd2+ 33.R1e2 Rxe8 34.Rxd2 Nxd2 35.Kh3 h5 36.Qd7 Re2
37.Qd8+  1-0